Energy harvesting : (Record no. 355238)

000 -LEADER
fixed length control field 01499cam a2200421 a 4500
001 - CONTROL NUMBER
control field 15902705
003 - CONTROL NUMBER IDENTIFIER
control field Nust- CAS-E
005 - DATE AND TIME OF LATEST TRANSACTION
control field 20180118181354.0
008 - FIXED-LENGTH DATA ELEMENTS--GENERAL INFORMATION
fixed length control field 090911s2010 flua b 001 0 eng
010 ## - LIBRARY OF CONGRESS CONTROL NUMBER
LC control number 2009035958
015 ## - NATIONAL BIBLIOGRAPHY NUMBER
National bibliography number GBA979551
Source bnb
015 ## - NATIONAL BIBLIOGRAPHY NUMBER
National bibliography number 015-34733
Source bnb
016 7# - NATIONAL BIBLIOGRAPHIC AGENCY CONTROL NUMBER
Record control number 015347335
Source Uk
020 ## - INTERNATIONAL STANDARD BOOK NUMBER
International Standard Book Number 9781439815083
020 ## - INTERNATIONAL STANDARD BOOK NUMBER
International Standard Book Number 1439815089
035 ## - SYSTEM CONTROL NUMBER
System control number (OCoLC)ocn436387165
040 ## - CATALOGING SOURCE
Original cataloging agency DLC
Transcribing agency DLC
Modifying agency YDX
-- YDXCP
-- CDX
-- BWX
-- AGL
-- UKM
-- LDL
-- WAU
-- GBVCP
-- DEBBG
-- DLC
050 00 - LIBRARY OF CONGRESS CALL NUMBER
Classification number TJ808
Item number .K515 2010
082 00 - DEWEY DECIMAL CLASSIFICATION NUMBER
Classification number 621.042
Edition number 22
Author Mark KHA 2010
100 1# - MAIN ENTRY--PERSONAL NAME
Personal name Khaligh, Alireza.
245 10 - TITLE STATEMENT
Title Energy harvesting :
Remainder of title solar, wind, and ocean energy conversion systems /
Statement of responsibility, etc. Alireza Khaligh, Omer C. Onar.
260 ## - PUBLICATION, DISTRIBUTION, ETC.
Place of publication, distribution, etc. Boca Raton :
Name of publisher, distributor, etc. CRC Press,
Date of publication, distribution, etc. c2010.
300 ## - PHYSICAL DESCRIPTION
Extent xv, 350 p., [16] p. of plates :
Other physical details ill. (some col.) ;
Dimensions 27 cm.
490 1# - SERIES STATEMENT
Series statement Energy, power electronics, and machines series
504 ## - BIBLIOGRAPHY, ETC. NOTE
Bibliography, etc. note Includes bibliographical references and index.
650 #0 - SUBJECT ADDED ENTRY--TOPICAL TERM
Topical term or geographic name entry element Energy harvesting.
650 #0 - SUBJECT ADDED ENTRY--TOPICAL TERM
Topical term or geographic name entry element Renewable energy sources.
650 #0 - SUBJECT ADDED ENTRY--TOPICAL TERM
Topical term or geographic name entry element Solar energy.
650 #0 - SUBJECT ADDED ENTRY--TOPICAL TERM
Topical term or geographic name entry element Ocean energy resources.
650 #0 - SUBJECT ADDED ENTRY--TOPICAL TERM
Topical term or geographic name entry element Wind power.
650 #0 - SUBJECT ADDED ENTRY--TOPICAL TERM
Topical term or geographic name entry element Wind energy conversion systems
650 #0 - SUBJECT ADDED ENTRY--TOPICAL TERM
Topical term or geographic name entry element Energy conversion.
700 1# - ADDED ENTRY--PERSONAL NAME
Personal name Onar, Omer C.
830 #0 - SERIES ADDED ENTRY--UNIFORM TITLE
Uniform title Energy, power electronics, and machines series.
906 ## - LOCAL DATA ELEMENT F, LDF (RLIN)
a 7
b cbc
c orignew
d 1
e ecip
f 20
g y-gencatlg
942 ## - ADDED ENTRY ELEMENTS (KOHA)
Source of classification or shelving scheme
Koha item type Book
Holdings
Withdrawn status Lost status Source of classification or shelving scheme Damaged status Not for loan Permanent Location Current Location Shelving location Date acquired Source of acquisition Total Checkouts Full call number Barcode Date last seen Cost, replacement price Price effective from Koha item type Collection code Cost, normal purchase price Copy number
          US-Pakistan Center for Advanced Studies in Energy (USPCAS-E) US-Pakistan Center for Advanced Studies in Energy (USPCAS-E) General Stacks 04/11/2013 Victoria co   621.042 KHA 2010 CAS-E0000095 02/17/2014 15178.00 02/17/2014 Book      
          US-Pakistan Center for Advanced Studies in Energy (USPCAS-E) US-Pakistan Center for Advanced Studies in Energy (USPCAS-E)   11/24/2015 Victoria Co.   621.042 KHA 2010 CAS-E0000784 11/24/2015   11/24/2015 Book   12100.00 2
          US-Pakistan Center for Advanced Studies in Energy (USPCAS-E) US-Pakistan Center for Advanced Studies in Energy (USPCAS-E)   11/24/2015 Victoria Co.   621.042 KHA 2010 CAS-E0000785 11/24/2015   11/24/2015 Book   12100.00 3
© 2023 Central Library, National University of Sciences and Technology. All Rights Reserved.